000 01149nam a22003497a 4500
003 CHAP
005 20220329140821.0
008 971013s1979 r 00010 d
010 _a58083
011 _a59055
035 _a63212
040 _cCHAP
082 _a544.84
_bS5Y 1972
100 0 0 _aSmith, I.
_9107037
245 _aCromatografía sobre papel y capa fina
_b: electrofóresis
260 _aMadrid :
_bAlhambra,
_c1979
300 _a258 p.
_b: láms. : ilus.
490 _aExedra
_v; 128
500 _aTrad. de la 2 ed. en inglés de 1972
590 _aBATCH-UPD
_b10
_c20130110
_lUCH01
_h1637
590 _aBATCH-UPD
_b10
_c20130410
_lUCH01
_h1029
590 _aBATCH-UPD
_b10
_c20130914
_lUCH01
_h0344
590 _aCONVERSION
_b10
_c20130109
_lUCH01
_h1331
650 1 4 _aAnálisis cromatográfico.
_95964
650 1 4 _aElectrofóresis.
_936236
700 0 _aFeinberg, J. G.
_939971
830 0 _aExedra
_v; 128
_939042
901 _aBK
942 _cLIBRO
949 _a544.84 S5Y 1972
_bBC
_cLIBRO
_d33724000807525
_eLIBRO
_gI. 126231
_h65544
_i63212
_si
949 _a544.84 S5Y 1972
_bBC
_cLIBRO
_d33724000904298
_eLIBRO
_fc.2
_h65999
_i63212
_si
999 _c58083
_d58083